Solfeo de los solfeos : nueva edición de los Solfeos para voces de soprano / de Enrique Lemoine y G. Carulli ; aumentada de gran número de lecciones de autores antiguos y modernos, elegidas y clasificadas por: A. Danhauser y L. Lemoine ... nueva edición de los Solfeos para voces de soprano / de Enrique Lemoine y G. Carulli ; aumentada de gran número de lecciones de autores antiguos y modernos, elegidas y clasificadas por:
MARC
| LEADER | 00000nam a2200000Ia 4500 | ||
|---|---|---|---|
| 001 | 13919 | ||
| 008 | 160829s1910 xx 000 0 cat d | ||
| 080 | |a B-1-420 | ||
| 100 | |a Lemoine, Henry |9 24095 | ||
| 245 | |a Solfeo de los solfeos : |b nueva edición de los Solfeos para voces de soprano / de Enrique Lemoine y G. Carulli ; aumentada de gran número de lecciones de autores antiguos y modernos, elegidas y clasificadas por: |b A. Danhauser y L. Lemoine ... | ||
| 260 | |a Paris ; Bruselas : |b Henry Lemoine, |c 1910 | ||
| 300 | |a 75 p., partitura ; |c 22 cm | ||
| 650 | |a Solfeig |9 24096 | ||
| 700 | |a Carulli, Gustave |9 24097 | ||
| 700 | |a Danhauser, Adolphe Léopold |9 24098 | ||
| 700 | |a Lemoine, L. |9 24099 | ||
| 866 | |a 1 | ||
| 901 | |a Arxiu | ||
| 942 | |n 1 | ||
| 952 | |0 0 |1 0 |4 0 |6 B1420 |7 1 |9 48414 |a Arxiu |b Arxiu |d 2016-12-01 |l 0 |o B-1-420 |p 13919 |r 2016-12-01 00:00:00 |w 2016-12-01 |y ARXIU | ||
| 999 | |c 52242 |d 52242 | ||